Flooding in buildings: assessment, limitation and rehabilitation (Record no. 74498)
[ view plain ]
| 000 -LEADER | |
|---|---|
| fixed length control field | 01677cab a2200241 4500 |
| 001 - CONTROL NUMBER | |
| control field | ABS68088 |
| 008 - FIXED-LENGTH DATA ELEMENTS--GENERAL INFORMATION | |
| fixed length control field | 040810n2004 000 0 eng u |
| 035 ## - SYSTEM CONTROL NUMBER | |
| System control number | (Sirsi) u127038 |
| 100 ## - MAIN ENTRY--PERSONAL NAME | |
| Personal name | Wordsworth, P. |
| 245 ## - TITLE STATEMENT | |
| Title | Flooding in buildings: assessment, limitation and rehabilitation |
| 260 ## - PUBLICATION, DISTRIBUTION, ETC. | |
| Date of publication, distribution, etc. | 2004 |
| 490 ## - SERIES STATEMENT | |
| Series statement | Structural Survey |
| Volume/sequential designation | 22(2) 2004, 105-109(5) |
| 520 ## - SUMMARY, ETC. | |
| Summary, etc. | There is an increasing body of knowledge and experience of dealing with flooded buildings becoming more readily available to both building owners and property professionals. However, some building insurers are still hesitant to insure flood risk in previously flooded or high risk buildings. This leads to uncertainty in valuing or managing properties at risk from flooding. A survey of surveyors and a case study of a flooding incident in Rossett, North Wales indicated that responses to flood events were often varied and uncoordinated, with some areas of effective action and good practice. Demonstrates the particular components of buildings most prone to damage during a flood. Shows the most common difficulties experienced in managing a flood event and highlights the need for a more coordinated approach to the problem. Concludes by reviewing some of the more accessible information available to property owners, managers and professionals on flood protection and flood reinstatement. Table and references. [Taken from journal abstract]. |
| 590 ## - LOCAL NOTE (RLIN) | |
| Local note | ABS |
| 650 ## - SUBJECT ADDED ENTRY--TOPICAL TERM | |
| Topical term or geographic name entry element | FLOODING |
| 650 ## - SUBJECT ADDED ENTRY--TOPICAL TERM | |
| Topical term or geographic name entry element | INSURANCE ASSESSMENTS |
| 650 ## - SUBJECT ADDED ENTRY--TOPICAL TERM | |
| Topical term or geographic name entry element | FLOOD PREVENTION |
| 650 ## - SUBJECT ADDED ENTRY--TOPICAL TERM | |
| Topical term or geographic name entry element | FLOODING |
| 658 ## - INDEX TERM--CURRICULUM OBJECTIVE | |
| Main curriculum objective | FLOOD |
| 690 ## - LOCAL SUBJECT ADDED ENTRY--TOPICAL TERM (OCLC, RLIN) | |
| Topical term or geographic name as entry element | BUILT ENVIRONMENT-CONSTRUCTION DESIGN |
| 700 ## - ADDED ENTRY--PERSONAL NAME | |
| Personal name | Bithell, D. |
| 942 ## - ADDED ENTRY ELEMENTS (KOHA) | |
| Suppress in OPAC | 0 |
| Withdrawn status | Lost status | Source of classification or shelving scheme | Damaged status | Not for loan | Home library | Current library | Shelving location | Date acquired | Total Checkouts | Full call number | Barcode | Date last seen | Copy number | Price effective from | Koha item type |
|---|---|---|---|---|---|---|---|---|---|---|---|---|---|---|---|
| Dewey Decimal Classification | London | London | Journal article | 10/08/2004 | ABS68088 | 127038-1001 | 06/08/2019 | 1 | 06/08/2019 | Journal article |